000 00373cam a2200157 a 4500
020 _a1853710865
040 _cDLC
082 0 0 _a941 POO 1990 A104 Or.
100 1 _aBell, J. Bowyer,
245 1 0 _aIRA tactics and targets /
260 _aDublin, Ireland :
_bPoolbeg,
_c1990.
300 _aiii, 117 p. ;
_c22 cm.
650 0 _aViolence
650 0 _aViolence
942 _cEK
999 _c14472
_d14472